| 000 | 00946nam a2200337 a 4500 | ||
|---|---|---|---|
| 999 |
_c3608 _d3608 |
||
| 001 | 16130151 | ||
| 003 | OSt | ||
| 005 | 20181115174901.0 | ||
| 008 | 870603s1987 ilu b 001 0 eng | ||
| 010 | _a87-17832 | ||
| 020 | _a0802425399 (pbk.) | ||
| 035 | _a4083999 | ||
| 040 |
_aDLC _cDLC _dOSU |
||
| 050 |
_aBS1255.2 _b.G42 1987 |
||
| 050 | 0 | 0 |
_aBS1255.2 _b.G42 1987 |
| 082 |
_a222.13 _bG548F |
||
| 100 | 1 | _aGlaser, Mitch | |
| 245 | 1 | 4 |
_aThe fall feasts of Israel / _cby Mitch and Zhava Glaser |
| 260 |
_aChicago : _bMoody Press, _cc1987 |
||
| 300 |
_a256 p. ; _c22 cm |
||
| 500 | _aIncludes indexes | ||
| 504 | _aBibliography: p. [226]-230 | ||
| 630 | 0 | 0 |
_aBible. _pLeviticus _xCriticism, interpretation, etc |
| 650 | 0 | _aFasts and feasts in the Bible | |
| 650 | 0 |
_aFasts and feasts in the Bible _xTypology |
|
| 650 | 0 | _aRosh ha-Shanah | |
| 650 | 0 | _aSukkot | |
| 650 | 0 | _aYom Kippur | |
| 700 | 1 | 0 | _aGlaser, Zhava |
| 942 |
_2ddc _cBK |
||